The New Encyclopaedia Britannica. (Record no. 27681)

000 -LEADER
fixed length control field 00892nam a2200289 a 4500
001 - CONTROL NUMBER
control field 2862400
003 - CONTROL NUMBER IDENTIFIER
control field OSt
005 - DATE AND TIME OF LATEST TRANSACTION
control field 20250224130750.0
008 - FIXED-LENGTH DATA ELEMENTS--GENERAL INFORMATION
fixed length control field 870210s1986 ilua be 001 0deng
010 ## - LIBRARY OF CONGRESS CONTROL NUMBER
LC control number 85080367
020 ## - INTERNATIONAL STANDARD BOOK NUMBER
International Standard Book Number 0852294344 (set)
040 ## - CATALOGING SOURCE
Original cataloging agency DLC
Transcribing agency DLC
Modifying agency DLC
082 00 - DEWEY DECIMAL CLASSIFICATION NUMBER
Classification number 032
Edition number 19
Item number E5633
245 04 - TITLE STATEMENT
Title The New Encyclopaedia Britannica.
250 ## - EDITION STATEMENT
Edition statement 15th ed.
260 ## - PUBLICATION, DISTRIBUTION, ETC.
Place of publication, distribution, etc. Chicago :
Name of publisher, distributor, etc. Encyclopaedia Britannica,
Date of publication, distribution, etc. c1986.
300 ## - PHYSICAL DESCRIPTION
Extent 32 v. :
Other physical details ill. (some col.) ;
Dimensions 29 cm.
500 ## - GENERAL NOTE
General note Spine title: Britannica.
General note Includes Propædia (1 v.) and Index (2 v.)
504 ## - BIBLIOGRAPHY, ETC. NOTE
Bibliography, etc. note Includes bibliographies.
505 0# - FORMATTED CONTENTS NOTE
Formatted contents note v. 1-12. Micropædia -- v. 13-29. Macropædia.
650 #0 - SUBJECT ADDED ENTRY--TOPICAL TERM
Topical term or geographic name entry element Encyclopedias and dictionaries.
710 2# - ADDED ENTRY--CORPORATE NAME
Corporate name or jurisdiction name as entry element Encyclopædia Britannica, inc.
740 0# - ADDED ENTRY--UNCONTROLLED RELATED/ANALYTICAL TITLE
Uncontrolled related/analytical title Britannica.
906 ## - LOCAL DATA ELEMENT F, LDF (RLIN)
a 7
b cbc
c orignew
d 2
e opcn
f 19
g y-gencatlg
942 ## - ADDED ENTRY ELEMENTS (KOHA)
Source of classification or shelving scheme
Koha item type Reference book
Holdings
Withdrawn status Lost status Source of classification or shelving scheme Damaged status Not for loan Permanent Location Current Location Date acquired Full call number Barcode Date last seen Price effective from Koha item type
          IMU Kolkata IMU Kolkata 2025-02-24 032 E5633 07041 2025-02-24 2025-02-24 Reference book
          IMU Kolkata IMU Kolkata 2025-02-24 032 E5633 07042 2025-02-24 2025-02-24 Reference book
          IMU Kolkata IMU Kolkata 2025-02-24 032 E5633 07043 2025-02-24 2025-02-24 Reference book
          IMU Kolkata IMU Kolkata 2025-02-24 032 E5633 07044 2025-02-24 2025-02-24 Reference book
          IMU Kolkata IMU Kolkata 2025-02-24 032 E5633 07045 2025-02-24 2025-02-24 Reference book
          IMU Kolkata IMU Kolkata 2025-02-24 032 E5633 07046 2025-02-24 2025-02-24 Reference book
          IMU Kolkata IMU Kolkata 2025-02-24 032 E5633 07047 2025-02-24 2025-02-24 Reference book
          IMU Kolkata IMU Kolkata 2025-02-24 032 E5633 07048 2025-02-24 2025-02-24 Reference book
          IMU Kolkata IMU Kolkata 2025-02-24 032 E5633 07049 2025-02-24 2025-02-24 Reference book
          IMU Kolkata IMU Kolkata 2025-02-24 032 E5633 07050 2025-02-24 2025-02-24 Reference book
          IMU Kolkata IMU Kolkata 2025-02-24 032 E5633 07051 2025-02-24 2025-02-24 Reference book
          IMU Kolkata IMU Kolkata 2025-02-24 032 E5633 07052 2025-02-24 2025-02-24 Reference book
          IMU Kolkata IMU Kolkata 2025-02-24 032 E5633 07053 2025-02-24 2025-02-24 Reference book
          IMU Kolkata IMU Kolkata 2025-02-24 032 E5633 07054 2025-02-24 2025-02-24 Reference book
          IMU Kolkata IMU Kolkata 2025-02-24 032 E5633 07055 2025-02-24 2025-02-24 Reference book
          IMU Kolkata IMU Kolkata 2025-02-24 032 E5633 07056 2025-02-24 2025-02-24 Reference book
          IMU Kolkata IMU Kolkata 2025-02-24 032 E5633 07057 2025-02-24 2025-02-24 Reference book
          IMU Kolkata IMU Kolkata 2025-02-24 032 E5633 07058 2025-02-24 2025-02-24 Reference book
          IMU Kolkata IMU Kolkata 2025-02-24 032 E5633 07059 2025-02-24 2025-02-24 Reference book
          IMU Kolkata IMU Kolkata 2025-02-24 032 E5633 07060 2025-02-24 2025-02-24 Reference book
          IMU Kolkata IMU Kolkata 2025-02-24 032 E5633 07061 2025-02-24 2025-02-24 Reference book
          IMU Kolkata IMU Kolkata 2025-02-24 032 E5633 07062 2025-02-24 2025-02-24 Reference book
          IMU Kolkata IMU Kolkata 2025-02-24 032 E5633 07063 2025-02-24 2025-02-24 Reference book
          IMU Kolkata IMU Kolkata 2025-02-24 032 E5633 07064 2025-02-24 2025-02-24 Reference book
          IMU Kolkata IMU Kolkata 2025-02-24 032 E5633 07065 2025-02-24 2025-02-24 Reference book
          IMU Kolkata IMU Kolkata 2025-02-24 032 E5633 07066 2025-02-24 2025-02-24 Reference book
          IMU Kolkata IMU Kolkata 2025-02-24 032 E5633 07067 2025-02-24 2025-02-24 Reference book
          IMU Kolkata IMU Kolkata 2025-02-24 032 E5633 07068 2025-02-24 2025-02-24 Reference book
          IMU Kolkata IMU Kolkata 2025-02-24 032 E5633 07069 2025-02-24 2025-02-24 Reference book
          IMU Kolkata IMU Kolkata 2025-02-24 032 E5633 07070 2025-02-24 2025-02-24 Reference book
          IMU Kolkata IMU Kolkata 2025-02-24 032 E5633 07071 2025-02-24 2025-02-24 Reference book
          IMU Kolkata IMU Kolkata 2025-02-24 032 E5633 07073 2025-02-24 2025-02-24 Reference book
Designed and Maintained by IMU-KC Library, Kolkata Campus © Copyright All Rights Reserved

webs counters

Powered by Koha